Consumer behavior and the practice of marketing / (Record no. 28863)

MARC details
000 -LEADER
fixed length control field 01191cam a2200349 i 4500
001 - CONTROL NUMBER
control field 3701663
003 - CONTROL NUMBER IDENTIFIER
control field EG-ScBUE
005 - DATE AND TIME OF LATEST TRANSACTION
control field 20200928101435.0
008 - FIXED-LENGTH DATA ELEMENTS--GENERAL INFORMATION
fixed length control field 800515t1980 ohua f b 001 0 eng d
020 ## - INTERNATIONAL STANDARD BOOK NUMBER
International Standard Book Number 0675081599
040 ## - CATALOGING SOURCE
Original cataloging agency DLC
Language of cataloging eng
Description conventions rda
Transcribing agency DLC
Modifying agency DLC
-- EG-ScBUE
041 0# - LANGUAGE CODE
Language code of text/sound track or separate title eng
Language code of summary or abstract/overprinted title or subtitle eng
082 04 - DEWEY DECIMAL CLASSIFICATION NUMBER
Classification number 658.8342
Item number RUN
Edition number 22
100 1# - MAIN ENTRY--PERSONAL NAME
Personal name Runyon, Kenneth E.,
Relator term author.
9 (RLIN) 35073
245 10 - TITLE STATEMENT
Title Consumer behavior and the practice of marketing /
Statement of responsibility, etc Kenneth E. Runyon, Northern Arizona University.
250 ## - EDITION STATEMENT
Edition statement Second edition.
264 #1 - PUBLICATION, DISTRIBUTION, ETC. (IMPRINT)
Place of publication, distribution, etc Columbus, Ohio :
Name of publisher, distributor, etc Charles E. Merrill Publishing Co.,
Date of publication, distribution, etc [1980]
264 #4 - PUBLICATION, DISTRIBUTION, ETC. (IMPRINT)
Date of publication, distribution, etc c1980
300 ## - PHYSICAL DESCRIPTION
Extent xv, 486 pages :
Other physical details illustrations ;
Dimensions 26 cm
336 ## - CONTENT TYPE
Source rdacontent
Content type term text
Content type code txt
337 ## - MEDIA TYPE
Source rdamedia
Media type term unmediated
Media type code n
338 ## - CARRIER TYPE
Source rdacarrier
Carrier type term volume
Carrier type code nc
504 ## - BIBLIOGRAPHY, ETC. NOTE
Bibliography, etc Includes bibliographical references and index.
546 ## - LANGUAGE NOTE
Language note In English; summary in English.
650 #7 - SUBJECT ADDED ENTRY--TOPICAL TERM
Topical term or geographic name as entry element Consumer behavior.
Source of heading or term BUEsh
650 #7 - SUBJECT ADDED ENTRY--TOPICAL TERM
Topical term or geographic name as entry element Motivation research (Marketing)
Source of heading or term BUEsh
650 #7 - SUBJECT ADDED ENTRY--TOPICAL TERM
Topical term or geographic name as entry element Marketing research.
Source of heading or term BUEsh
653 ## - INDEX TERM--UNCONTROLLED
Resource For college BAEPS, Business Administration
Arrived date list September2020
655 ## - INDEX TERM--GENRE/FORM
Form subdivision Reading book
9 (RLIN) 34232
906 ## - LOCAL DATA ELEMENT F, LDF (RLIN)
a 7
b cbc
c orignew
d 2
e opcn
f 19
g y-gencatlg
942 ## - ADDED ENTRY ELEMENTS (KOHA)
Source of classification or shelving scheme Dewey Decimal Classification
Koha item type Book - Borrowing
Holdings
Withdrawn status Lost status Source of classification or shelving scheme Damaged status Not for loan Collection code Home library Current library Shelving location Date acquired Source of acquisition Total Checkouts Full call number Barcode Date last seen Price effective from Koha item type
    Dewey Decimal Classification     Baccah Central Library Central Library First floor 28/09/2020 Purchase   658.8342 RUN 000049862 15/07/2025 28/09/2020 Book - Borrowing